01385nam a2200169 i 4500001000700000003000900007005001700016008004100033080001200074110004400086245010100130260009600231300002000327505079400347651002501141852004901166170840ES-MaACL20230906214455.0090408s19051906sp |||| | spa d a94(460)2 aReal Academia de la Historia (España)10aDiscursos leídos ante la Academia de la Historia, f1905-1906 /cReal Academia de la Historia. aMadrid : b[s.n.], c1905 (fImp. del Patronato de Huérfanos de Administración Militar) a1 v. ; c25 cm.0 aPedro de Alvarado, conquistador de Guatemala y de Honduras / Ángel de Altolaguirre y Duvale (122 p.). Dogmas fundamentales y permanentes de la política exterior de España, establecidos por Fernando V de Aragón al constituir la unidad de la monarquía española; Necrología de D. Manuel Danvila y Collado / Juan Pérez de Guzmán y Gallo (46 p., 1 h. de lám.). Contestación / Marqués de Laurencín (p. 47-74). D. Luis de Requesens y la política española en los Países Bajos; Notas biográficas de D. Francisco Silvela y de Le-Vielleuse / Francisco Barado y Font (127 p.). Contestación / Julián Suárez Inclán (p. 129-155). Iberia arqueológica ante-romana / José Ramón Mélida (64 p.). Contestación / Fidel Fita y Colomer (p. 65-84, XXVIII lám.) 4aEspaña-xHistoria. aES-MaACLjK-130 z- Enc. pasta española